| 000 | 00839nam a22002057a 4500 | ||
|---|---|---|---|
| 003 | BD-DhUL | ||
| 005 | 20160906100324.0 | ||
| 008 | 160906s ii |||| |||| 001 0 ben d | ||
| 040 |
_aBD-DhUL _cBD-DhUL |
||
| 082 |
_a954.142 _bRAC |
||
| 100 | 1 | 0 | _aমিত্র, রাধারমন । |
| 245 | 1 | 0 |
_aকলিকাতা দর্পণ : _bপ্রথম পর্ব / _cরাধারমন মিত্র । |
| 250 | _a২য় সংস্ক. । | ||
| 260 |
_aকলকাতা : _bসুবর্ণরেখা, _c১৯৮২ । |
||
| 300 |
_a[১০], ৩৫৬ পৃ. ; _c২৩ সেমি. । |
||
| 504 | _aগ্রন্থপরিচিতি ও র্নিঘণ্ট সংবলিত । | ||
| 651 | 0 |
_aকলকাতা _xইতিহাস |
|
| 651 | 0 |
_aKolkata _xHistory |
|
| 942 |
_2ddc _cBK |
||
| 999 |
_c104339 _d104339 |
||